书目信息 |
| 题名: |
电气设备与运行
|
|
| 作者: | 潘贞存, , 张卫星 , 李光友, 编著 | |
| 分册: | ||
| 出版信息: | 北京 中国电力出版社 2008.01 |
|
| 页数: | 204页 | |
| 开本: | 26cm | |
| 丛书名: | 热电联产机组技术丛书 | |
| 单 册: | ||
| 中图分类: | TM621.7 | |
| 科图分类: | ||
| 主题词: | 热电厂--re dian chang--电气--设备--运行 | |
| 电子资源: | ||
| ISBN: | 978-7-5083-5817-8 | |
| 000 | 01072nam 2200277 450 | |
| 001 | 012008610994 | |
| 005 | 20080605151920.70 | |
| 010 | @a978-7-5083-5817-8@dCNY26.00 | |
| 100 | @a20080605d2008 em y0chiy0120 ea | |
| 101 | 0 | @achi |
| 102 | @aCN@b110000 | |
| 105 | @ay z 000yy | |
| 106 | @ar | |
| 200 | 1 | @a电气设备与运行@Adian qi she bei yu yun xing@f潘贞存, 张卫星, 李光友编著@Fpan zhen cun,zhang wei xing,li guang you bian zhu |
| 210 | @a北京@c中国电力出版社@d2008.01 | |
| 215 | @a204页@d26cm | |
| 225 | 2 | @a热电联产机组技术丛书@Are dian lian chan ji zu ji shu cong shu |
| 330 | @a本书阐述了热电联产机组气设备的基本原理和运行技术,包括发电机、变压器、互感器、电气主接线、继电保护、开关电器、二次系统、过电压与绝缘等。 | |
| 410 | 0 | @12001 @a热电联产机组技术丛书 |
| 606 | 0 | @a热电厂@Are dian chang@x电气@x设备@x运行 |
| 690 | @aTM621.7@v4 | |
| 701 | 0 | @a潘贞存,@Apan zhen cun@f1962- @4编著 |
| 701 | 0 | @a张卫星@Azhang wei xing@4编著 |
| 701 | 0 | @a李光友,@Ali guang you@f1957- @4编著 |
| 801 | 0 | @aCN@bQSSK@c20080605 |
| 905 | @b724913-14@dTM621.7@eP280@f2 | |
| 电气设备与运行/潘贞存, 张卫星, 李光友编著.-北京:中国电力出版社,2008.01 |
| 204页;26cm.-(热电联产机组技术丛书) |
| ISBN 978-7-5083-5817-8:CNY26.00 |
| 本书阐述了热电联产机组气设备的基本原理和运行技术,包括发电机、变压器、互感器、电气主接线、继电保护、开关电器、二次系统、过电压与绝缘等。 |
| ● |
| 相关链接 |
|
|
|
正题名:电气设备与运行
索取号:TM621.7/P280
 
预约/预借
| 序号 | 登录号 | 条形码 | 馆藏地/架位号 | 状态 | 备注 |
| 1 | 724913 | 207249137 | 自科库301/301自科库 15排3列4层/ [索取号:TM621.7/P280] | 在馆 | |
| 2 | 724914 | 207249146 | 自科库301/301自科库 15排3列4层/ [索取号:TM621.7/P280] | 在馆 |